| 000 -LEADER |
| fixed length control field |
00725nam a22001217a 4500 |
| 040 ## - CATALOGING SOURCE |
| Transcribing agency |
RUA |
| 082 ## - DEWEY DECIMAL CLASSIFICATION NUMBER |
| Classification number |
VEM KAN 2014 B436 O.1 |
| 100 ## - MAIN ENTRY--AUTHOR NAME |
| Personal name |
KANG CHANRA; កង ចាន់រ៉ា |
| 245 ## - TITLE STATEMENT |
| Title |
Study on newcastle disease by using ha and hi-test in samroung tong district, kampong speu province, ការសិក្សាលើជំងឺញ៉ូវកាសរបស់មាន់ស្រុក និងអង់ទីគ័ររបស់វាតាមរយៈ HA និង HI-Test នៅស្រុកសំរោងទង ខេត្តកំពង់ស្ពឺ |
| 300 ## - PHYSICAL DESCRIPTION |
| Number of Pages |
ix,39p. |
| Other physical details |
ill. |
| Dimensions |
29cm. |
| 856 ## - ELECTRONIC LOCATION AND ACCESS |
| Uniform Resource Identifier |
https://drive.google.com/file/d/12SCbxrsNMVQbqqJU1d2fyC1A7aHm3HgQ/view?usp=sharing |
| 942 ## - ADDED ENTRY ELEMENTS (KOHA) |
| Koha item type |
VEM |
| 952 ## - LOCATION AND ITEM INFORMATION (KOHA) |
| Withdrawn status [LOCAL, KOHA] |
0 |
| 952 ## - LOCATION AND ITEM INFORMATION (KOHA) |
| Withdrawn status [LOCAL, KOHA] |
0 |
| 952 ## - LOCATION AND ITEM INFORMATION (KOHA) |
| Withdrawn status [LOCAL, KOHA] |
0 |
| 952 ## - LOCATION AND ITEM INFORMATION (KOHA) |
| Withdrawn status [LOCAL, KOHA] |
0 |
| 952 ## - LOCATION AND ITEM INFORMATION (KOHA) |
| Withdrawn status [LOCAL, KOHA] |
0 |
| 952 ## - LOCATION AND ITEM INFORMATION (KOHA) |
| Withdrawn status [LOCAL, KOHA] |
0 |
| 952 ## - LOCATION AND ITEM INFORMATION (KOHA) |
| Withdrawn status [LOCAL, KOHA] |
0 |
| 952 ## - LOCATION AND ITEM INFORMATION (KOHA) |
| Withdrawn status [LOCAL, KOHA] |
0 |
| 952 ## - LOCATION AND ITEM INFORMATION (KOHA) |
| Withdrawn status [LOCAL, KOHA] |
0 |